| 000 | 00408nam a2200169Ia 4500 | ||
|---|---|---|---|
| 008 | 170705s9999 xx 000 0 und d | ||
| 020 | _a9780545394567 | ||
| 245 | _aCleopatra's moon / | ||
| 245 | _cVicky Alvear Shecter. | ||
| 260 | _aNew York : | ||
| 260 | _bArthur A. Levine Books, | ||
| 260 | _c2011 | ||
| 300 | _a355 pages : | ||
| 300 | _bcolor illustration ; | ||
| 300 | _c20cm. | ||
| 500 | _a730 | ||
| 999 |
_c336352 _d336352 |
||